000
00318nam a22001457a 4500
008
221011b ||||| |||| 00| 0 eng d
020
_a
97805531110333
041
_a
eng
080
_a
61
082
_a
61
100
_a
5
101
_a
MJP
245
_a
WOMEN'S BODIES WOMEN'S WISDOM
_c
NORTHRUP CH
942
_2
udc
_c
BK
999
_c
58467
_d
58467